000 00327nam a2200133Ia 4500
005 20260326100028.0
008 260326s9999||||xx |||||||||||||| ||und||
100 _aMondrian, Piet
245 0 _aArte Plástico y Arte Plástico Puro /
_cPiet Mondrian
260 _bVictor Leru
300 _a96 p.
650 _aARTE
942 _cBK
999 _c6473
_d6473